Pays avec le plus de femmes parlementaires - Statistiques

Statistiques générales
  • Ce quiz a été pris 186 fois
  • Le résultat moyen est 6 sur 15
Statistiques - réponses
Pourcentage Pays % Correct
47,3 Suède
88%
40,8 Norvège
84%
41,5 Finlande
81%
41,1 Espagne
66%
40,0 Nouvelle-Zélande
60%
48,2 Mexique
49%
61,3 Rwanda
32%
42,7 Afrique du Sud
31%
53,2 Cuba
28%
53,1 Bolivie
21%
45,6 Costa Rica
17%
44,6 Nicaragua
14%
46,2 Namibie
12%
41,8 Sénégal
11%
46,7 Grenade
8%
Aucun quiz correspondant
Distribution des résultats
% des personnes avec chaque résultat
Percentile par nombre de réponses
Votre historique - résultats
Vous n’avez pas pris ce quiz